Statistics for Countries That Border Other Continents

Click here to take the quiz!

General Stats

  • This quiz has been taken 37 times
  • The average score is 14 of 16

Answer Stats

ContinentBordering ContinentEurope% Correct
AsiaEuropeTurkey
100%
EuropeAsiaRussia
97%
AfricaAsiaEgypt
95%
South AmericaNorth AmericaColombia
92%
AsiaEuropeGeorgia
92%
AsiaOceaniaIndonesia
92%
OceaniaAsiaPapua New Guinea
92%
AsiaAfricaIsrael
89%
North AmericaSouth AmericaPanama
89%
AsiaEuropeAzerbaijan
86%
AsiaEuropeKazakhstan
86%
EuropeAsiaBulgaria
84%
EuropeAsiaGreece
84%
AsiaEuropeChina
73%
AsiaEuropeMongolia
73%
AsiaEuropeNorth Korea
62%

Score Distribution

Percentile by Number Answered

Percent of People with Each Score

Your Score History

You have not taken this quiz